000 00718nam a2200241Ia 4500
003 OSt
005 20220926030700.0
006 a|||||r|||| 00| 0
007 ta
008 220923b |||||||| |||| 00| 0 eng d
037 _cGeneral Book
040 _aRTL
_cRTL
_beng
041 _2eng
_aeng
082 _aV541:3(Q7).G, L5
100 _aBurns Robert Ignatius
_9334185
245 0 _aMedieval colonialism
_b Postcrusade exploitation of
260 _aPrinceton
_bUniversity Press
_c1975
300 _axxv, 394p
_ccm.
500 _aBibliography: P 349-76
650 _aEurope History
_914786
942 _hV541:3(Q7).G, L5
_cGB
_2CC
999 _c650517
_d650517